00570nam a2200145Ia 4500003000900000008004100009040001600050080001600066100002500082245018300107260006100290300001400351650004000365650001900405IN-BaIIA211028s9999 xx 000 0 eng d cIIA Library a081:53bMAX aMaxwell, James Clerk 4aThe collected clerk Maxwell memorial lecturesbbeing the first four lectures given in the years between 1951 and 1959cJames Clerk Maxwell  aLondonbThe British Institution of Radio Engineersc1960 avii, 64p. aCollected works-James Clerk Maxwell aNASA thesaurus